000 01303nas0a22003131i 4500
001 RU\NLR\DRGNLR\3971
005 20240729012757.0
035 _a(NLR Aleph) 010312543
090 _a10642209
_c10642209
100 _a20080514b19071908u y0rusy50 ca
101 0 _arus
102 _aRU
110 _acya||||||||
200 1 _aРусская мысль
_fРед.-изд. А.С.Панкратов
210 _aМ.
_d1907, 7 нояб - 1908, [?]
311 _aС марта 1910 изд. газ. "Правда" (см. )
488 0 _1001RU\NLR\DRGNLR\3643
_12001#$aПравда$fРед. Н.А.Поляков, Н.Л.Решетин
_910641128
_cВладикавказ
_d1906, 1 янв - 23 сент
_fРед. Н.А.Поляков, Н.Л.Решетин
_tПравда
540 1 _aРусская мысль
702 1 _aПанкратов
_bАл-др Савв.
_4340
801 0 _aRU
_bNLR
_c20080514
_gPSBO
_2gzdor_isis
801 2 _aRU
_bNLR
_c20080514
_gPSBO
_2rusmarc
852 _aNLR
_j1-Сб/1-41
942 _cNEWSPAPER
980 _aDRG